Rommel's lieutenants : (Record no. 13882)

000 -LEADER
fixed length control field 02356cam a2200385 a 4500
001 - CONTROL NUMBER
control field 14486488
005 - DATE AND TIME OF LATEST TRANSACTION
control field 20170105102841.0
008 - FIXED-LENGTH DATA ELEMENTS--GENERAL INFORMATION
fixed length control field 060808s2007 ctuabf b 001 0ceng
010 ## - LIBRARY OF CONGRESS CONTROL NUMBER
LC control number 2006026012
015 ## - NATIONAL BIBLIOGRAPHY NUMBER
National bibliography number GBA671827
Source bnb
016 7# - NATIONAL BIBLIOGRAPHIC AGENCY CONTROL NUMBER
Record control number 013536735
Source Uk
020 ## - INTERNATIONAL STANDARD BOOK NUMBER
International Standard Book Number 0275991857 (alk. paper)
020 ## - INTERNATIONAL STANDARD BOOK NUMBER
International Standard Book Number 9780275991852 (alk. paper)
035 ## - SYSTEM CONTROL NUMBER
System control number (OCoLC)ocm70867069
040 ## - CATALOGING SOURCE
Original cataloging agency DLC
Transcribing agency DLC
Modifying agency UKM
-- BAKER
-- C#P
-- YDXCP
-- IXA
-- DLC
043 ## - GEOGRAPHIC AREA CODE
Geographic area code e-gx---
-- e-fr---
050 00 - LIBRARY OF CONGRESS CALL NUMBER
Classification number D757.56 Nr. 7
Item number .M57 2007
082 00 - DEWEY DECIMAL CLASSIFICATION NUMBER
Classification number 940.54/214092243
Edition number 22
100 1# - MAIN ENTRY--PERSONAL NAME
Personal name Mitcham, Samuel W.
245 10 - TITLE STATEMENT
Title Rommel's lieutenants :
Remainder of title the men who served the Desert Fox, France, 1940 /
Statement of responsibility, etc. Samuel W. Mitcham, Jr.
260 ## - PUBLICATION, DISTRIBUTION, ETC.
Place of publication, distribution, etc. Westport, Conn. :
Name of publisher, distributor, etc. Praeger Security International,
Date of publication, distribution, etc. 2007.
300 ## - PHYSICAL DESCRIPTION
Extent xiv, 202 p., [21] p. of plates :
Other physical details ill., maps ;
Dimensions 25 cm.
504 ## - BIBLIOGRAPHY, ETC. NOTE
Bibliography, etc. note Includes bibliographical references (p. [189]-191) and indexes.
505 0# - FORMATTED CONTENTS NOTE
Formatted contents note The sources of Rommel's officers -- Karl Rothenburg: hero of two wars -- Rudolf Sieckenius: the scapegoat -- Karl August Hanke: Nazi politician .. 53 -- Joachim von Metzsch: the supply officer -- Dr. Wilhelm Baumeister: the medical officer -- Hans von Luck: the charming aristocrat -- Joachim Ziegler: the SS general -- Gottfried Froelich: the Saxon gunner -- Georg von Bismarck: the Prussian junker -- Friedrich Fuerst: the second in command -- Friedrich-Carl von Steinkeller: the motorcycle commander -- Hans Joachim von Kronhelm: the heavy artillery commander -- Eduard Crasemann: the war criminal -- Frido von Senger und Etterlin: the snobbish aristocratic -- Otto Heidkaemper: the chief of staff -- Johann Mickl: the Austrian mountaineer.
600 10 - SUBJECT ADDED ENTRY--PERSONAL NAME
Personal name Rommel, Erwin,
Dates associated with a name 1891-1944
General subdivision Friends and associates.
610 10 - SUBJECT ADDED ENTRY--CORPORATE NAME
Corporate name or jurisdiction name as entry element Germany.
Subordinate unit Heer.
-- Panzer-Division, 7.
Form subdivision Biography.
610 10 - SUBJECT ADDED ENTRY--CORPORATE NAME
Corporate name or jurisdiction name as entry element Germany.
Subordinate unit Heer
General subdivision Officers
Form subdivision Biography.
610 10 - SUBJECT ADDED ENTRY--CORPORATE NAME
Corporate name or jurisdiction name as entry element Germany.
Subordinate unit Heer.
-- Panzer-Division, 7.
General subdivision History.
650 #0 - SUBJECT ADDED ENTRY--TOPICAL TERM
Topical term or geographic name entry element World War, 1939-1945
General subdivision Campaigns
Geographic subdivision France.
650 #0 - SUBJECT ADDED ENTRY--TOPICAL TERM
Topical term or geographic name entry element World War, 1939-1945
General subdivision Regimental histories
Geographic subdivision Germany.
856 41 - ELECTRONIC LOCATION AND ACCESS
Materials specified Table of contents only
Uniform Resource Identifier <a href="http://www.loc.gov/catdir/toc/ecip0618/2006026012.html">http://www.loc.gov/catdir/toc/ecip0618/2006026012.html</a>
906 ## - LOCAL DATA ELEMENT F, LDF (RLIN)
a 7
b cbc
c orignew
d 1
e ecip
f 20
g y-gencatlg
942 ## - ADDED ENTRY ELEMENTS (KOHA)
Source of classification or shelving scheme
Koha item type Book
Holdings
Withdrawn status Lost status Damaged status Not for loan Collection code Permanent Location Current Location Shelving location Date acquired Total Checkouts Full call number Barcode Date last seen Price effective from Koha item type
          Centre for International Peace & Stability (CIPS) Centre for International Peace & Stability (CIPS) General Stacks 08/01/2013   940.54214092243 MIT 2008 CIPS0000130 08/02/2013 08/02/2013 Book
© 2023 Central Library, National University of Sciences and Technology. All Rights Reserved.